Handbook of discourse analysis

में बचाया:
ग्रंथसूची विवरण
मुख्य लेखक: Dijk, Teun Adrianus van (लेखक)
स्वरूप: पुस्तक
भाषा:अंग्रेज़ी
प्रकाशित: Londres Academy Press 1985
विषय:
टैग: टैग जोड़ें
कोई टैग नहीं, इस रिकॉर्ड को टैग करने वाले पहले व्यक्ति बनें!

MARC

LEADER 00000nam a2200000 a 4500
001 UCJ2890
003 CL-VaPUC
008 070119e19850000UK |||||||||||||||||eng|d
020 |a 0127120017v.1 
020 |a 0127120025v.2 
020 |a 0127120033v.3 
020 |a 0127120041v.4 
082 0 4 |a 401.41  |b DIJ  |2 21 
100 0 |a Dijk, Teun Adrianus van  |e author  |9 503931 
245 1 0 |a Handbook of discourse analysis 
300 |a 302 p 
942 |c BK 
945 |d 20070119 00:00:00  |a jtorresc 
260 |a Londres  |b Academy Press  |c 1985 
500 |a Donación de la Dra. Marianne Peronard Thierry 
500 |a v.1: Discipline of discourse 
500 |a v.2: Dimensions of discourse 
500 |a v.3: Discourse and dialogue 
500 |a v.4: Discourse analysis in society 
650 0 |a Análisis del discurso  |9 256696 
650 0 |a Lingüística de corpus  |9 503839 
650 0 |a Psicología cognitiva   |9 306250 
650 0 |a Psicología social   |9 222894 
650 7 |a INTELIGENCIA ARTIFICIAL  |2 CL-VaPUC  |9 503932 
650 0 |a Filosofía del lenguaje  |9 257082 
650 0 |a Sociolingüística  |9 263716 
650 7 |a PROCESAMIENTOS DE TEXTOS  |2 CL-VaPUC  |9 503933 
583 |a last modification  |c 20121003 12:40:33  |k Rodrigo Vera 
999 |c 319019  |d 319017 
952 |0 0  |1 0  |4 0  |6 401_410000000000000_DIJ_1985  |7 0  |8 A  |9 397246  |a FDOPOS  |b FDOPOS  |d 2019-11-22  |h v.1  |i 4318145  |o 401.41 DIJ 1985  |p 4318145  |r 2025-01-22  |w 2019-11-22  |y BK  |k MLA 
952 |0 0  |1 0  |4 0  |6 401_410000000000000_DIJ_1985  |7 0  |8 A  |9 397247  |a FDOPOS  |b FDOPOS  |d 2019-11-22  |h v.2  |i 4318153  |o 401.41 DIJ 1985  |p 4318153  |r 2025-01-22  |w 2019-11-22  |y BK  |k MLA 
952 |0 0  |1 0  |4 0  |6 401_410000000000000_DIJ_1985  |7 0  |8 A  |9 397248  |a FDOPOS  |b FDOPOS  |d 2019-11-22  |h v.3  |i 4318161  |o 401.41 DIJ 1985  |p 4318161  |r 2025-01-22  |w 2019-11-22  |y BK  |k MLA 
952 |0 0  |1 0  |4 0  |6 401_410000000000000_DIJ_1985  |7 0  |8 A  |9 397249  |a FDOPOS  |b FDOPOS  |d 2019-11-22  |h v.4  |i 4318471  |o 401.41 DIJ 1985  |p 4318471  |r 2025-01-22  |w 2019-11-22  |y BK  |k MLA